000 01016nam a22003257a 4500
001 BR0704961
003 BR-BrBNA
005 20230928102533.0
007 ta
008 230509b bl.||||| |||| 00| 0 por d
040 _aBR-BrBNA
_bpor
_cBiblioteca Nacional de Agricultura
041 _a(Por)
072 _aK10
090 _ K10 BR0704961
100 1 _aGuimarães, J.C.C.
110 1 _aUniversidade Federal de Lavras, MG (Brasil)
_0Tese (Mestrado)
245 1 _aDinâmica do componente arbustivo-arbóreo de uma floresta de galeria aluvial no planalto de Poços de Caldas, Minas Gerais, Brasil
260 3 _aLavras, MG (Brasil):
_c2007.
300 _a64 p.
500 _aSummaries (Eng, Por); Bibliography p. 32-41; 6 tables; 8 illus.
650 _aFLORESTA
650 _aMATA CILIAR
650 _aÁREA BASAL
650 _aINVENTÁRIO FLORESTAL
650 _aINUNDAÇÃO
650 _aDINÂMICA POPULACIONAL
650 _aMINAS GERAIS
909 _a202309
_bLucia
_c55
_dLucia Elande
942 _cBK
999 _c71270
_d71270